00330pab a2200121 454500008004000000100002700040245005600067260000900123300001000132362001400142650004100156773001100197180718b1989 xxu||||| |||| 00| 0 eng d aBala Subrahmanya, M.H. aRural industries in KarnatakabStructure and growth c1989 a34-44 aJan.-Mar. aIndustry , Rural - India - Karnataka aMargin